| 000 | 00547nam a22001815i 4500 | ||
|---|---|---|---|
| 001 | 53223 | ||
| 003 | ES-MaACL | ||
| 005 | 20250730063105.0 | ||
| 007 | t| | ||
| 008 | 950911s1861 fr ||||1| fre d | ||
| 040 |
_aCAM _bspa _cCAM |
||
| 100 | 1 |
_aDupanloup, Félix, _d1802-1878 _946079 |
|
| 245 | 1 | 0 |
_aDéfense de la liberté de l'Eglise / _cpar Mgr Dupanloup, Evêque d'Orléans. |
| 260 |
_aParis [etc] : _bRégis Ruffet et Cie [etc], _c1861. |
||
| 300 |
_a2 v. ; _c22 cm. |
||
| 852 |
_aES-MaACL _jG-13604-5 |
||
| 999 |
_c53223 _d53223 |
||